000
00297nam a2200109 a 4500
005
20201002031134.0
008
130308s2004 000 spa d
100
_a
Foyaca de la Concha, Manuel
_9
64362
245
0
_a
Pensamiento social del cristianismo.
260
_a
Santo Domingo.
999
_c
37422
_d
37422
040
_a
DO-SdBNP